00954nam a22002177a 450000500170000001000190001702000120003603500180004803700090006608200130007524501060008825000060019426000400020027000730024030000250031370000390033894200240037799900190040195201560042095201600057620260102122329.0 aENG-147394-395 c1000.00 aEN-130926-927 bDBAD a230.221 aSrimad Bhagavad Gita:bEncyclopedia of the Lord's Teachings to Humaity/cTranslated By Gayatri Shenoy a1 aMumbaibRitanjan Publicationsc2012 bMumbaia2203, Rushabh J.B. Road, Sewri weste400015k+91-22-24157080 axxx, 845p.c25cm(hb) aShenoy, GayatrieTranslator986201 2ddccENmSRIh230.2 c214001d214001 001040708NFICaBNbBNd2026-01-02eDelivery of Books Act Divisiong1000.00l0oSRI 230.2pEN-130926r2026-01-02 00:00:00t1v1000.00w2026-01-02yEN 001040718NFICaDBADbDBADd2026-01-02eDelivery of Books Act Divisiong1000.00l0oSRI 230.2pEN-130927r2026-01-02 00:00:00t2v1000.00w2026-01-02yEN